| 000 | 00922nam a2200277Ia 4500 | ||
|---|---|---|---|
| 003 | GCL | ||
| 008 | 140319s9999 xx 000 0 ara d | ||
| 040 |
_aGCL / _cGCL |
||
| 082 | 0 | 4 |
_a956.048 _bح ح |
| 100 | 1 | _aحسن البدرى | |
| 245 | 1 | 0 |
_aحرب رمضان الجولة العربية الاسرائيلية الرابعة اكتوبر 1973 / _cحسن البدرى |
| 700 | 1 | _aضياء الدين زهدى | |
| 700 | 1 | _aطه المجدوب | |
| 260 |
_a[S.N] : _bالهيئة المصرية العامة للكتاب ، _c1987 |
||
| 300 | _a323 ص | ||
| 490 | _a | ||
| 650 | 0 | 4 | _aالعصر الحديث |
| 650 | 0 | 4 | _aمصر |
| 650 | 0 | 4 | _aتاريخ |
| 650 | 0 | 4 | _aالنزاع العربى الاسرائيلى |
| 650 | 0 | 4 | _aالحرب |
| 650 | 0 | 4 | _aالجيش المصرى |
| 650 | 0 | 4 | _aالحرب العربية الاسرائيلية |
| 650 | 0 | 4 | _aحرب اكتوبر 1973 |
| 942 |
_2ddc _cBK |
||
| 999 |
_c28168 _d28168 |
||